Home of stories / (Record no. 9060)

MARC details
000 -LEADER
fixed length control field 00929nam a22002537a 4500
001 - CONTROL NUMBER
control field 9060
003 - CONTROL NUMBER IDENTIFIER
control field FISKH
005 - DATE AND TIME OF LATEST TRANSACTION
control field 20251118121102.0
008 - FIXED-LENGTH DATA ELEMENTS--GENERAL INFORMATION
fixed length control field 251118b cb ||||| |||| 00| 0 eng d
020 ## - INTERNATIONAL STANDARD BOOK NUMBER
International Standard Book Number 9789996343070
040 ## - CATALOGING SOURCE
Original cataloging agency FISKH
Language of cataloging khr
Transcribing agency FISKH
Modifying agency FISKH
082 ## - DEWEY DECIMAL CLASSIFICATION NUMBER
Classification number 398.2
100 ## - MAIN ENTRY--PERSONAL NAME
Personal name Sameourn, Uk
245 ## - TITLE STATEMENT
Title Home of stories /
Statement of responsibility, etc. គណះកម្មការនិពន្ធ លោក អ៊ុក សំអឿន និងលោក ឡុង សុខហ៊ាង , គណះកម្មការត្រួតពិនិត្យ ប៉ាវ មុនីសុខា​
260 ## - PUBLICATION, DISTRIBUTION, ETC.
Place of publication, distribution, etc. Phnom Penh :
Name of publisher, distributor, etc. Open Mind ,
300 ## - PHYSICAL DESCRIPTION
Extent 82 pages :
Other physical details color illustrations ;
Dimensions 30 pages .
505 ## - FORMATTED CONTENTS NOTE
Formatted contents note R <br/>
521 8# - TARGET AUDIENCE NOTE
Target audience note 780 <br/>
Source Lexile estimate <br/>
521 8# - TARGET AUDIENCE NOTE
Target audience note R <br/>
Source Raz-Plus <br/>
650 ## - SUBJECT ADDED ENTRY--TOPICAL TERM
Topical term or geographic name entry element Home of stories
Form subdivision Children's Stories
700 ## - ADDED ENTRY--PERSONAL NAME
Personal name Tola, Morm
Relator term Illustrator
942 ## - ADDED ENTRY ELEMENTS (KOHA)
Source of classification or shelving scheme Dewey Decimal Classification
Koha item type Khmer Books
Suppress in OPAC No
Holdings
Withdrawn status Lost status Source of classification or shelving scheme Damaged status Not for loan Collection Home library Current library Shelving location Date acquired Total Checkouts Full call number Barcode Date last seen Price effective from Koha item type
    Dewey Decimal Classification     Khmer-English Bilingual / ភាសាខ្មែរ-អង់គ្លេស Footprints International School Library Network Toul Tom Poung Campus Footprints International School Library Network Toul Tom Poung Campus TTP Primary Khmer Bookshelves 11/18/2025   SAM 398.2 2025-4811 11/18/2025 11/18/2025 Khmer Books